Rozhodovanie v podmienkach agilnej organizácie diplomová práca
Uložené v:
| Hlavný autor: | |
|---|---|
| Korporativný autor: | |
| Ďalší autori: | |
| Médium: | Kniha |
| Jazyk: | Slovak |
| Vydavateľské údaje: |
Bratislava
2023
|
| Tagy: |
Žiadne tagy, Buďte prvý, kto otaguje tento záznam!
|
MARC
| LEADER | 00000nbm a2200000 4500 | ||
|---|---|---|---|
| 001 | 0293582 | ||
| 005 | 20240221084055.7 | ||
| 041 | 0 | |a slo | |
| 044 | |a SK | ||
| 245 | 1 | 0 | |a Rozhodovanie v podmienkach agilnej organizácie |b diplomová práca |c Lea Grazyna Angst ; školiteľ: Nadežda Jankelová |
| 264 | 1 | |a Bratislava |c 2023 | |
| 300 | |a 87 s. | ||
| 100 | 1 | |a Angst, Lea Grazyna | |
| 700 | 1 | |a Jankelová, Nadežda, 1966- | |
| 710 | 2 | |a Fakulta podnikového manažmentu EU. Katedra manažmentu | |